<Der> ökonomische Wettstreit zwischen Sozialismus und Kapitalismus

Enregistré dans:
Détails bibliographiques
Auteur principal: Sieber, Rolf
Autres auteurs: Tittel, Gottfried
Format: Livre
Langue:allemand
Publié: Berlin Dietz 1982
Tags: Ajouter un tag
Pas de tags, Soyez le premier à ajouter un tag!

MARC

LEADER 00000nam a2200000 4500
001 c133905
005 20221220095856.8
041 0 |a ger 
044 |a DE 
245 1 0 |a <Der> ökonomische Wettstreit zwischen Sozialismus und Kapitalismus  |c Rolf Sieber, Gottfried Tittel 
264 1 |a Berlin  |b Dietz  |c 1982 
300 |a 128 s. 
100 1 |a Sieber, Rolf 
700 1 |a Tittel, Gottfried